वस्तुनिष्ठ लोक प्र्रशासन / (Record no. 111802)

MARC details
000 -LEADER
fixed length control field 00971nam a22002297a 4500
005 - DATE AND TIME OF LATEST TRANSACTION
control field 20170124102929.0
010 ## - LIBRARY OF CONGRESS CONTROL NUMBER
LC control number B-180073
020 ## - INTERNATIONAL STANDARD BOOK NUMBER
Terms of availability 120.00
035 ## - SYSTEM CONTROL NUMBER
System control number B-180073
037 ## - SOURCE OF ACQUISITION
Source of stock number/acquisition Cen Lib/Ret
040 ## - CATALOGING SOURCE
Original cataloging agency DPL
Language of cataloging HN
082 ## - DEWEY DECIMAL CLASSIFICATION NUMBER
Classification number 350
Item number वस्तुनि
245 ## - TITLE STATEMENT
Title वस्तुनिष्ठ लोक प्र्रशासन /
Statement of responsibility, etc संपादक एन.एन. ओझा
246 ## - VARYING FORM OF TITLE
Title proper/short title Vasstunishth lok prashasan /
Remainder of title sampadak N.N. Ojha
260 ## - PUBLICATION, DISTRIBUTION, ETC. (IMPRINT)
Place of publication, distribution, etc नयी दिल्ली
Name of publisher, distributor, etc कानिकल बुक्स
Date of publication, distribution, etc 2005
270 ## - ADDRESS
City नयी दिल्ली
Address बी-७ एक्स,११४-ए, सफदरजंग एन्क्लेव
Postal code 110029
300 ## - PHYSICAL DESCRIPTION
Extent 209पृ.
Dimensions 23सेमी(अजिल्द)
650 ## - SUBJECT ADDED ENTRY--TOPICAL TERM
Topical term or geographic name as entry element लोक प्रशासन
9 (RLIN) 4735
650 ## - SUBJECT ADDED ENTRY--TOPICAL TERM
Topical term or geographic name as entry element Public administration
9 (RLIN) 4733
700 ## - ADDED ENTRY--PERSONAL NAME
Personal name ओझा, एन.एन.
9 (RLIN) 42260
942 ## - ADDED ENTRY ELEMENTS (KOHA)
Source of classification or shelving scheme Dewey Decimal Classification
Koha item type Hindi Books
Classification part 350
Call number suffix वस्तुनि
Holdings
Withdrawn status Lost status Damaged status Not for loan Collection code Home library Current library Date acquired Source of acquisition Cost, normal purchase price Total Checkouts Full call number Barcode Date last seen Copy number Cost, replacement price Price effective from Koha item type
      Not For Loan Reference Central Library Central Library 05/08/2015 Cen Lib/Ret 120.00   350 वस्तुनि B-180073 05/08/2015 1 120.00 05/08/2015 Hindi Books

© Delhi Public Library
Hit Counter
free hit counter